| 000 | 00328nam a22000977a 4500 | ||
|---|---|---|---|
| 082 |
_a343.549104 _bPAK |
||
| 245 |
_aPakistan Tax Decisions [P T D] 2012 / _cEdited by Muhammad Anwar Khokhar, Muhammad Wahaj Azhar and kashif Mir Zubair |
||
| 260 |
_aLahore : _bPLD Publishers, _c2012. |
||
| 300 |
_avolume _c23 cm. |
||
| 942 |
_2ddc _cCR _s1 |
||
| 999 |
_c592528 _d592528 |
||